[Event "VEN-ch Expertos"]
[Site "Caracas"]
[Date "2022.04.15"]
[Round "5"]
[White "Corado Paz Castillo, Rafael"]
[Black "Jaramillo Lopez, Ali Aaron"]
[Result "1/2-1/2"]
[WhiteElo "2218"]
[BlackElo "1915"]
[PlyCount "102"]
[EventDate "2022.04.13"]
[EventType "swiss"]
[EventRounds "7"]
[EventCountry "VEN"]
[SourceTitle "CBM 207 Extra"]
[Source "ChessBase"]
[SourceDate "2022.05.31"]
[SourceVersion "1"]
[SourceVersionDate "2022.05.31"]
[SourceQuality "1"]

1. c4 Nf6 2. g3 c6 3. Bg2 d5 4. cxd5 cxd5 5. Nf3 g6 6. b3 Bg7 7. Bb2 0-0 8. 0-0 Nc6 9. d3 d4 10. Nbd2 Nd5 11. Nc4 b5 12. Na3 Rb8 13. Nc2 Nc3 14. Qe1 b4 15. Nd2 Bb7 16. Nc4 Na5 17. Bxb7 Nxc4 18. dxc4 Rxb7 19. Bxc3 bxc3 20. Rd1 Rd7 21. Rd3 e5 22. e3 e4 23. Rxd4 Bxd4 24. exd4 Rxd4 25. Qxc3 Rd1 26. Ne3 Rd3 27. Qe5 Re8 28. Qf4 Qd6 29. Qh4 f5 30. Nd5 Kg7 31. Qg5 h6 32. Qc1 g5 33. Ne3 Kg6 34. c5 Qc6 35. Qc4 Qe6 36. Qxe6+ Rxe6 37. Rc1 Rc6 38. b4 a6 39. a4 Rb3 40. Rc4 Kf6 41. Nd5+ Ke5 42. Nc3 h5 43. b5 axb5 44. axb5 Rc8 45. Kf1 Rb2 46. h3 h4 47. g4 fxg4 48. Rxe4+ Kf6 49. Rxg4 Ke6 50. c6 Rf8 51. Rg2 Kd6 1/2-1/2

[Event "VEN-ch Expertos"]
[Site "Caracas"]
[Date "2022.04.14"]
[Round "3"]
[White "Marichal Gonzalez, Ariel"]
[Black "Corado Paz Castillo, Rafael"]
[Result "0-1"]
[WhiteElo "2273"]
[BlackElo "2218"]
[PlyCount "110"]
[EventDate "2022.04.13"]
[EventType "swiss"]
[EventRounds "7"]
[EventCountry "VEN"]
[SourceTitle "CBM 207 Extra"]
[Source "ChessBase"]
[SourceDate "2022.05.31"]
[SourceVersion "1"]
[SourceVersionDate "2022.05.31"]
[SourceQuality "1"]

1. d4 Nf6 2. c4 c5 3. d5 b5 4. cxb5 a6 5. bxa6 Bxa6 6. Nc3 d6 7. e4 Bxf1 8. Kxf1 Nbd7 9. Nf3 g6 10. g3 Bg7 11. Kg2 0-0 12. a4 Ra6 13. Qc2 Qa8 14. Nb5 Qb7 15. Rd1 Nb6 16. Nc3 Rfa8 17. Qb3 Nfd7 18. Bg5 Bxc3 19. bxc3 f6 20. Be3 Rxa4 21. Rxa4 Rxa4 22. Rb1 Rxe4 23. c4 e6 24. Nd2 Re5 25. Bf4 exd5 26. Bxe5 dxc4+ 27. Qf3 Qxf3+ 28. Kxf3 fxe5 29. Ne4 d5 30. Nxc5 Nxc5 31. Rxb6 Nd3 32. Ke2 Kf7 33. f3 Ke7 34. h4 Nc5 35. g4 Kd7 36. h5 Ne6 37. Rb7+ Nc7 38. h6 Kc6 39. Rb8 Ne6 40. Rh8 Ng5 41. Kf2 Kd6 42. Kg3 c3 43. Rc8 d4 44. Kf2 Ke6 45. Rc4 Nf7 46. Ke2 Kd6 47. Rc8 Nxh6 48. Rh8 Nf7 49. Rxh7 Ke6 50. Kd3 Ng5 51. Rh6 Nxf3 52. Rxg6+ Kd5 53. Rg8 e4+ 54. Kc2 Ne1+ 55. Kc1 d3 0-1

[Event "Valencia"]
[Site "Valencia"]
[Date "2018.04.28"]
[Round "4"]
[White "Corado Paz Castillo, Rafael"]
[Black "Briceno Quinones, Ruben Dario"]
[Result "1/2-1/2"]
[WhiteElo "2201"]
[BlackElo "2098"]
[PlyCount "24"]
[EventDate "2018.05.27"]
[EventType "tourn"]
[EventRounds "11"]
[EventCountry "VEN"]
[SourceTitle "EXT 2019"]
[Source "ChessBase"]
[SourceDate "2018.10.10"]
[SourceVersion "1"]
[SourceVersionDate "2018.10.10"]
[SourceQuality "1"]

1. d4 Nf6 2. Nc3 c5 3. d5 d6 4. e4 g6 5. f4 Bg7 6. Nf3 0-0 7. Be2 e6 8. dxe6 Bxe6 9. e5 dxe5 10. Qxd8 Rxd8 11. fxe5 Nd5 12. Nxd5 Rxd5 1/2-1/2

[Event "VEN-chT Liga Superior qual"]
[Site "Caracas"]
[Date "2018.01.28"]
[Round "6.2"]
[White "Diaz Leon, Richard"]
[Black "Corado Paz Castillo, Rafael"]
[Result "1/2-1/2"]
[WhiteElo "2202"]
[BlackElo "2191"]
[PlyCount "58"]
[EventDate "2018.01.26"]
[EventType "team-swiss"]
[EventRounds "6"]
[EventCountry "VEN"]
[SourceTitle "EXT 2022"]
[Source "ChessBase"]
[SourceDate "2021.10.06"]
[SourceVersion "1"]
[SourceVersionDate "2021.10.06"]
[SourceQuality "1"]
[WhiteTeam "AlphaZero"]
[BlackTeam "Guarico"]
[WhiteTeamCountry "VEN"]
[BlackTeamCountry "VEN"]

1. e4 c5 2. Nf3 e6 3. b3 d6 4. Bb2 Nf6 5. Bd3 Be7 6. 0-0 Nc6 7. Re1 Qc7 8. Na3 e5 9. Bb5 a6 10. Bxc6+ Qxc6 11. c3 Nxe4 12. d4 Ng5 13. Nxg5 Bxg5 14. dxc5 Qxc5 15. Nc4 0-0 16. Ba3 Qc6 17. Qxd6 Qxd6 18. Bxd6 Rd8 19. Bc7 Be6 20. Nb6 Ra7 21. Rad1 Re8 22. Rxe5 Bf6 23. Re3 Be7 24. Re5 Bf6 25. Re3 Be7 26. b4 h5 27. a3 a5 28. h3 axb4 29. cxb4 Ra6 1/2-1/2

[Event "San Juan Bello Memorial U2200 2nd"]
[Site "San Juan de Los Morros"]
[Date "2016.09.17"]
[Round "5.1"]
[White "Fuentes Ramos, Alejandro"]
[Black "Corado Paz Castillo, Rafael"]
[Result "1/2-1/2"]
[WhiteElo "2155"]
[BlackElo "2136"]
[PlyCount "75"]
[EventDate "2016.09.17"]
[EventType "swiss"]
[EventRounds "5"]
[EventCountry "VEN"]
[SourceTitle "EXT 2022"]
[Source "ChessBase"]
[SourceDate "2021.10.06"]
[SourceVersion "1"]
[SourceVersionDate "2021.10.06"]
[SourceQuality "1"]

1. e4 d5 2. exd5 Qxd5 3. Nc3 Qd6 4. d4 Nf6 5. Nf3 c6 6. Be2 g6 7. h3 Bg7 8. 0-0 0-0 9. Re1 Bf5 10. Ne5 Nd5 11. Nc4 Qc7 12. Nxd5 cxd5 13. Ne3 Be6 14. Bf3 Rd8 15. c3 Nc6 16. Qb3 Qd7 17. Bd2 Na5 18. Qa3 Nc6 19. b4 a6 20. Qb3 Rac8 21. a4 h6 22. Reb1 Kh7 23. b5 Na5 24. Qb2 Nc4 25. Nxc4 Rxc4 26. bxa6 bxa6 27. Qb7 Rxa4 28. Qxd7 Bxd7 29. Bxd5 e6 30. Bb3 Rxa1 31. Rxa1 Bb5 32. Be3 Rc8 33. Rc1 Bc4 34. Bxc4 Rxc4 35. Ra1 Rxc3 36. Rxa6 e5 37. dxe5 Bxe5 38. Kf1 1/2-1/2

[Event "Caracas Metro 2nd"]
[Site "Caracas"]
[Date "2014.04.12"]
[Round "8"]
[White "Corado Paz Castillo, Rafael"]
[Black "Soto, Christian Camilo"]
[Result "1-0"]
[WhiteElo "2223"]
[BlackElo "2123"]
[PlyCount "136"]
[EventDate "2014.04.08"]
[EventType "tourn"]
[EventRounds "9"]
[EventCountry "VEN"]
[EventCategory "1"]
[SourceTitle "EXT 2016"]
[Source "ChessBase"]
[SourceDate "2015.10.08"]
[SourceVersion "1"]
[SourceVersionDate "2015.10.08"]
[SourceQuality "1"]

1. e4 e5 2. Bc4 c6 3. Nf3 d6 4. d4 exd4 5. Qxd4 Qf6 6. Qe3 Be6 7. Bxe6 Qxe6 8. Nd4 Qc4 9. b3 Qa6 10. e5 Qa5+ 11. Nc3 Qxe5 12. 0-0 Qxe3 13. Bxe3 Nd7 14. Rad1 0-0-0 15. Nf5 d5 16. Na4 b6 17. Bf4 g6 18. Ne3 Bg7 19. c4 d4 20. Nc2 c5 21. b4 Ngf6 22. bxc5 bxc5 23. Rb1 Nh5 24. Bd6 Bf8 25. Bxf8 Rhxf8 26. Rb5 Nf4 27. Nxc5 Ne2+ 28. Kh1 Nc3 29. Nxd7 Rxd7 30. Rb3 Re8 31. Nxd4 Rxd4 32. Rxc3 Re2 33. g3 Rxa2 34. Kg2 Rdd2 35. Rf3 f5 36. Re1 Kd7 37. Ree3 Kc6 38. Re7 Rd7 39. Rxd7 Kxd7 40. g4 Ra5 41. Rh3 fxg4 42. Rxh7+ Kd6 43. Rf7 Ke6 44. Rg7 Kf6 45. Rc7 Ra3 46. Rc5 a5 47. Rb5 Ra4 48. c5 Ke5 49. Rb6 Kd5 50. c6 Kd6 51. c7+ Kxc7 52. Rxg6 Rb4 53. Rg7+ Kc6 54. Rg6+ Kb5 55. Rg5+ Ka4 56. Kg3 Rd4 57. f4 gxf3 58. h4 Kb4 59. h5 a4 60. h6 a3 61. h7 a2 62. h8Q a1Q 63. Qf8+ Kc4 64. Rc5+ Kb3 65. Qb8+ Rb4 66. Qg8+ Kb2 67. Qh8+ Kb1 68. Rc1+ Kxc1 1-0

[Event "Caracas Metro 2nd"]
[Site "Caracas"]
[Date "2014.04.11"]
[Round "6"]
[White "Corado Paz Castillo, Rafael"]
[Black "Palomo, Franklin Annervys"]
[Result "0-1"]
[WhiteElo "2223"]
[BlackElo "2242"]
[PlyCount "56"]
[EventDate "2014.04.08"]
[EventType "tourn"]
[EventRounds "9"]
[EventCountry "VEN"]
[EventCategory "1"]
[SourceTitle "EXT 2016"]
[Source "ChessBase"]
[SourceDate "2015.10.08"]
[SourceVersion "1"]
[SourceVersionDate "2015.10.08"]
[SourceQuality "1"]

1. e4 c5 2. Nf3 e6 3. d4 cxd4 4. Nxd4 Nf6 5. Nc3 d6 6. g4 e5 7. Nf5 h5 8. Bb5+ Nc6 9. Bg5 hxg4 10. Qd2 Bxf5 11. exf5 a6 12. Ba4 b5 13. Bb3 Nd4 14. 0-0-0 Rc8 15. Kb1 Qd7 16. h3 Rxh3 17. Rxh3 gxh3 18. f4 Qxf5 19. fxe5 dxe5 20. Be3 Rd8 21. Qe1 Nxb3 22. Rxd8+ Kxd8 23. axb3 Bd6 24. Qd2 Ke7 25. Bg5 Qf3 26. Nd5+ Ke6 27. Nb6 Qg2 28. Qc3 Qg1+ 0-1

[Event "Caracas Metro 2nd"]
[Site "Caracas"]
[Date "2014.04.11"]
[Round "7"]
[White "Gascon del Nogal, Jose Rafael"]
[Black "Corado Paz Castillo, Rafael"]
[Result "1/2-1/2"]
[WhiteElo "2323"]
[BlackElo "2223"]
[PlyCount "76"]
[EventDate "2014.04.08"]
[EventType "tourn"]
[EventRounds "9"]
[EventCountry "VEN"]
[EventCategory "1"]
[SourceTitle "EXT 2016"]
[Source "ChessBase"]
[SourceDate "2015.10.08"]
[SourceVersion "1"]
[SourceVersionDate "2015.10.08"]
[SourceQuality "1"]

1. e4 c5 2. Nf3 e6 3. d4 cxd4 4. Nxd4 a6 5. Bd3 Qc7 6. 0-0 Nf6 7. Qe2 d6 8. f4 Nc6 9. Nxc6 Qxc6 10. c4 Be7 11. Nc3 0-0 12. e5 Nd7 13. exd6 Bxd6 14. Ne4 Be7 15. b3 Nc5 16. Bc2 f5 17. Nxc5 Bxc5+ 18. Be3 Re8 19. Qf2 Bxe3 20. Qxe3 b5 21. Bd1 Qc7 22. Bf3 Rb8 23. cxb5 axb5 24. Rac1 Qb6 25. Qxb6 Rxb6 26. Rc7 Rb8 27. Rfc1 Kf8 28. Bh5 g6 29. Bf3 Kg8 30. Ra7 e5 31. fxe5 Rxe5 32. Rcc7 Be6 33. Rxh7 Rc8 34. Rhg7+ Kh8 35. Rxg6 Rc1+ 36. Kf2 f4 37. Rh6+ Kg8 38. Rg6+ Kh8 1/2-1/2

[Event "Caracas Metro"]
[Site "Fuerte Tiuna"]
[Date "2014.02.16"]
[Round "8"]
[White "Ostos, Julio Eduardo"]
[Black "Corado Paz Castillo, Rafael"]
[Result "1/2-1/2"]
[WhiteElo "2272"]
[BlackElo "2204"]
[PlyCount "31"]
[EventDate "2014.02.12"]
[EventType "tourn"]
[EventRounds "9"]
[EventCountry "VEN"]
[SourceTitle "CBM 158 Extra"]
[Source "ChessBase"]
[SourceDate "2014.02.28"]
[SourceVersion "1"]
[SourceVersionDate "2014.02.28"]
[SourceQuality "1"]

1. e4 c5 2. Nf3 e6 3. Nc3 a6 4. d4 cxd4 5. Nxd4 Qc7 6. Bd3 Nf6 7. f4 d6 8. Qe2 h5 9. Nf3 Nc6 10. e5 dxe5 11. fxe5 Ng4 12. Bf4 Bc5 13. Ne4 Nd4 14. Nxd4 Bxd4 15. Nd6+ Kf8 16. 0-0-0 1/2-1/2

[Event "Caracas Metro"]
[Site "Fuerte Tiuna"]
[Date "2014.02.15"]
[Round "7"]
[White "Corado Paz Castillo, Rafael"]
[Black "Castro, Lennin David"]
[Result "1-0"]
[WhiteElo "2204"]
[BlackElo "1918"]
[PlyCount "75"]
[EventDate "2014.02.12"]
[EventType "tourn"]
[EventRounds "9"]
[EventCountry "VEN"]
[SourceTitle "CBM 158 Extra"]
[Source "ChessBase"]
[SourceDate "2014.02.28"]
[SourceVersion "1"]
[SourceVersionDate "2014.02.28"]
[SourceQuality "1"]

1. e4 d6 2. d4 Nf6 3. Nc3 g6 4. Nf3 Bg7 5. Bd3 c6 6. Bf4 b5 7. Qd2 Bb7 8. Bh6 0-0 9. Bxg7 Kxg7 10. h4 h5 11. 0-0-0 a5 12. e5 dxe5 13. dxe5 Ng4 14. e6 f6 15. Qe2 Qb6 16. Rhf1 Na6 17. Qe4 f5 18. Qe2 Nc5 19. Ne5 Nxe5 20. Qxe5+ Rf6 21. g4 hxg4 22. f3 g3 23. Qxg3 Nxe6 24. Rde1 Kf7 25. Kb1 a4 26. h5 b4 27. Nd1 Qd4 28. hxg6+ Rxg6 29. Qh3 Rh8 30. Qxf5+ Rf6 31. Qg4 Rh4 32. Qg3 Qf4 33. Qg1 c5 34. Ne3 Qd4 35. Ng4 Qxg1 36. Rxg1 Nd4 37. Bc4+ e6 38. Ne5+ 1-0

[Event "Caracas Metro"]
[Site "Fuerte Tiuna"]
[Date "2014.02.13"]
[Round "2"]
[White "Corado Paz Castillo, Rafael"]
[Black "Pinero Salas, Carlos Julio"]
[Result "1-0"]
[WhiteElo "2204"]
[BlackElo "2138"]
[PlyCount "59"]
[EventDate "2014.02.12"]
[EventType "tourn"]
[EventRounds "9"]
[EventCountry "VEN"]
[SourceTitle "CBM 158 Extra"]
[Source "ChessBase"]
[SourceDate "2014.02.28"]
[SourceVersion "1"]
[SourceVersionDate "2014.02.28"]
[SourceQuality "1"]

1. e4 c5 2. Nf3 d6 3. d4 cxd4 4. Nxd4 Nf6 5. Nc3 a6 6. Bg5 e6 7. f4 Nbd7 8. Qf3 Qc7 9. 0-0-0 Be7 10. g4 h6 11. Bxf6 Bxf6 12. h4 g5 13. hxg5 hxg5 14. Rxh8+ Bxh8 15. f5 Nf8 16. fxe6 fxe6 17. Bb5+ axb5 18. Ndxb5 Qg7 19. Nxd6+ Ke7 20. e5 Nd7 21. Nd5+ Kd8 22. Nf7+ Ke8 23. Nc7+ Ke7 24. Nxa8 Qxf7 25. Qa3+ Ke8 26. Qc3 Nc5 27. Qxc5 Bd7 28. Qd6 Bxe5 29. Nc7+ Kd8 30. Qxe5 1-0

[Event "Central America-ch U18 4th"]
[Site "Armenia"]
[Date "2013.11.05"]
[Round "5"]
[White "Corado Paz Castillo, Rafael"]
[Black "Lugo Roldan, Jean Paul"]
[Result "1-0"]
[WhiteElo "2204"]
[BlackElo "1762"]
[PlyCount "43"]
[EventDate "2013.11.05"]
[EventType "swiss"]
[EventRounds "6"]
[EventCountry "COL"]
[SourceTitle "EXT 2016"]
[Source "ChessBase"]
[SourceDate "2015.10.08"]
[SourceVersion "1"]
[SourceVersionDate "2015.10.08"]
[SourceQuality "1"]

1. e4 c5 2. Nf3 d6 3. d4 cxd4 4. Nxd4 Nf6 5. Nc3 a6 6. Bg5 e6 7. f4 Qb6 8. Bxf6 gxf6 9. Qd2 Qxb2 10. Rb1 Qa3 11. Be2 Be7 12. 0-0 Qc5 13. Na4 Qc7 14. Nb6 Ra7 15. Rf3 Bd7 16. Nxd7 Qxd7 17. Rfb3 0-0 18. f5 Kh8 19. Rh3 Rg8 20. Rbb3 Bf8 21. Rxh7+ Kxh7 22. Rh3+ 1-0

[Event "Central America-ch U18 4th"]
[Site "Armenia"]
[Date "2013.11.05"]
[Round "6"]
[White "Gutierrez Anaya, Yeison Joel"]
[Black "Corado Paz Castillo, Rafael"]
[Result "1-0"]
[WhiteElo "2063"]
[BlackElo "2204"]
[PlyCount "71"]
[EventDate "2013.11.05"]
[EventType "swiss"]
[EventRounds "6"]
[EventCountry "COL"]
[SourceTitle "EXT 2016"]
[Source "ChessBase"]
[SourceDate "2015.10.08"]
[SourceVersion "1"]
[SourceVersionDate "2015.10.08"]
[SourceQuality "1"]

1. d4 c5 2. d5 d6 3. c4 b5 4. cxb5 a6 5. e4 Nf6 6. Nc3 axb5 7. Bxb5+ Bd7 8. Bc4 g6 9. f4 Bg7 10. Nf3 0-0 11. 0-0 Qa5 12. Rb1 Na6 13. Bd2 Rfb8 14. b3 Nb4 15. a4 Ne8 16. Qe2 Nc7 17. e5 Bf5 18. Ne4 Qb6 19. Bxb4 Qxb4 20. Rbe1 Qb6 21. Qf2 Na6 22. Qh4 Ra7 23. exd6 Bxe4 24. Rxe4 exd6 25. f5 Nb4 26. fxg6 fxg6 27. Ng5 Be5 28. Qh3 Re8 29. Rh4 h5 30. Re4 Qd8 31. Ne6 Qa8 32. Qh4 Nxd5 33. Nf4 Bxf4 34. Rexf4 Kg7 35. R4f3 Rae7 36. Qg5 1-0

[Event "Central America-chT U16 4th"]
[Site "Armenia"]
[Date "2013.11.04"]
[Round "6"]
[White "Cotto Mux, Hector Vinicio"]
[Black "Corado Paz Castillo, Rafael"]
[Result "0-1"]
[WhiteElo "1836"]
[BlackElo "2121"]
[PlyCount "131"]
[EventDate "2013.11.04"]
[EventType "team"]
[EventRounds "7"]
[EventCountry "COL"]
[SourceTitle "EXT 2016"]
[Source "ChessBase"]
[SourceDate "2015.10.08"]
[SourceVersion "1"]
[SourceVersionDate "2015.10.08"]
[SourceQuality "1"]
[WhiteTeam "Guatemala"]
[BlackTeam "Venezuela"]
[WhiteTeamCountry "GUA"]
[BlackTeamCountry "VEN"]

1. d4 Nf6 2. Nf3 c5 3. c3 e6 4. g3 d5 5. Bg2 Nc6 6. 0-0 Be7 7. Re1 0-0 8. Nbd2 b6 9. Nb3 Bb7 10. Bf4 c4 11. Nbd2 b5 12. Ne5 Nxe5 13. Bxe5 Nd7 14. Nf3 Nxe5 15. Nxe5 a5 16. e4 f6 17. Ng4 dxe4 18. a4 b4 19. Qe2 bxc3 20. bxc3 Kh8 21. Bxe4 Bxe4 22. Qxe4 Ra6 23. Ne3 Qc8 24. d5 Bc5 25. Nxc4 exd5 26. Qxd5 Rd8 27. Qe4 f5 28. Qf4 Rc6 29. Ne5 Rc7 30. Rad1 Re8 31. Nd3 Rxe1+ 32. Rxe1 h6 33. Ne5 Kh7 34. Qf3 Bd6 35. Qd3 Bc5 36. Ng4 Bf8 37. Ne3 Rxc3 38. Qxf5+ Qxf5 39. Nxf5 Ra3 40. Re4 Bb4 41. Rg4 g6 42. Ne3 Rxa4 43. Rc4 Ra1+ 44. Kg2 Kg7 45. Nd5 Bd6 46. Rc6 Be5 47. Re6 Bd4 48. Re7+ Kf8 49. Rh7 h5 50. Rd7 Be5 51. Ra7 a4 52. Ra6 Kg7 53. Ne3 a3 54. Nc4 Bb2 55. Ra7+ Kf6 56. Ra6+ Kf5 57. f3 Ra2 58. Ra5+ Ke6 59. Ra6+ Kd5 60. Rd6+ Kxc4 61. Rxg6 Bc3+ 62. Kh3 Rb2 63. Rc6+ Kd4 64. Rd6+ Ke3 65. Ra6 a2 66. Ra4 0-1

[Event "San Cristobal Bolivar op 1st"]
[Site "San Cristobal"]
[Date "2012.09.30"]
[Round "10"]
[White "Corado Paz Castillo, Rafael"]
[Black "Martinez Paipa, Hernan"]
[Result "1-0"]
[WhiteElo "2143"]
[BlackElo "1940"]
[PlyCount "45"]
[EventDate "2012.09.25"]
[EventType "swiss"]
[EventRounds "10"]
[EventCountry "VEN"]
[SourceTitle "EXT 2013"]
[Source "ChessBase"]
[SourceDate "2012.11.22"]
[SourceVersion "1"]
[SourceVersionDate "2012.11.22"]
[SourceQuality "1"]

1. e4 c5 2. Nf3 d6 3. d4 cxd4 4. Nxd4 Nf6 5. Nc3 a6 6. Bg5 Nbd7 7. f4 Qc7 8. Qd2 b5 9. Bd3 Bb7 10. a3 Rc8 11. 0-0-0 e6 12. f5 e5 13. Nde2 Be7 14. g4 h6 15. Bxf6 Nxf6 16. h4 d5 17. exd5 Nxd5 18. Nxd5 Bxd5 19. Rh3 e4 20. Nc3 exd3 21. Nxd5 Qxc2+ 22. Qxc2 dxc2 23. Re1 1-0

[Event "San Cristobal Bolivar op 1st"]
[Site "San Cristobal"]
[Date "2012.09.26"]
[Round "3"]
[White "Acosta, Alejandro"]
[Black "Corado Paz Castillo, Rafael"]
[Result "1-0"]
[WhiteElo "2333"]
[BlackElo "2143"]
[PlyCount "51"]
[EventDate "2012.09.25"]
[EventType "swiss"]
[EventRounds "10"]
[EventCountry "VEN"]
[SourceTitle "EXT 2013"]
[Source "ChessBase"]
[SourceDate "2012.11.22"]
[SourceVersion "1"]
[SourceVersionDate "2012.11.22"]
[SourceQuality "1"]

1. e4 c5 2. Nc3 e6 3. Nge2 a6 4. d4 cxd4 5. Nxd4 Qc7 6. Bd3 Nf6 7. 0-0 Nc6 8. Be3 Be7 9. f4 Nxd4 10. Bxd4 Bc5 11. Bxc5 Qxc5+ 12. Kh1 d6 13. Qf3 0-0 14. Rae1 Qh5 15. Qxh5 Nxh5 16. e5 dxe5 17. fxe5 g6 18. g4 Ng7 19. Ne4 Ne8 20. Rd1 Bd7 21. Nc5 Bc6+ 22. Be4 Rc8 23. Bxc6 Rxc6 24. Nd7 Rxc2 25. Nxf8 Kxf8 26. Rd4 1-0

[Event "San Cristobal Bolivar op 1st"]
[Site "San Cristobal"]
[Date "2012.09.26"]
[Round "2"]
[White "Corado Paz Castillo, Rafael"]
[Black "Estrada Nieto, Julian"]
[Result "1-0"]
[WhiteElo "2143"]
[BlackElo "2310"]
[PlyCount "93"]
[EventDate "2012.09.25"]
[EventType "swiss"]
[EventRounds "10"]
[EventCountry "VEN"]
[SourceTitle "EXT 2013"]
[Source "ChessBase"]
[SourceDate "2012.11.22"]
[SourceVersion "1"]
[SourceVersionDate "2012.11.22"]
[SourceQuality "1"]

1. e4 e5 2. Nf3 Nc6 3. d4 exd4 4. Nxd4 Nf6 5. Nxc6 bxc6 6. e5 Qe7 7. Qe2 Nd5 8. c4 Nb6 9. g3 g6 10. Bg2 Bg7 11. 0-0 0-0 12. Bf4 Ba6 13. Nd2 g5 14. Be3 Qxe5 15. Qg4 d5 16. Nf3 Qe6 17. Qxg5 Nxc4 18. Bd4 f6 19. Qh4 Qd6 20. b3 Ne5 21. Rfc1 Nd3 22. Rc2 Rfe8 23. Bf1 Re4 24. Qh5 c5 25. Bxd3 Bxd3 26. Bxc5 Qe6 27. Rd2 Be2 28. Kg2 c6 29. Be3 Bxf3+ 30. Qxf3 f5 31. Rc1 d4 32. Bf4 Rc8 33. Rdc2 Bf8 34. Qd3 Ba3 35. Rd1 c5 36. f3 Rxf4 37. gxf4 Re8 38. Kf2 Qh6 39. Rg1+ Kh8 40. Re2 Qxh2+ 41. Rg2 Qh4+ 42. Kg1 Rf8 43. Qa6 Bc1 44. Qd6 Qd8 45. Qe5+ Rf6 46. Qxf6+ Qxf6 47. Re8+ 1-0

[Event "VEN-ch Expertos y Maestros"]
[Site "San Carlos"]
[Date "2012.06.22"]
[Round "6"]
[White "Corado Paz Castillo, Rafael"]
[Black "Zambrano Rodriguez, Alexander"]
[Result "0-1"]
[WhiteElo "2093"]
[BlackElo "2175"]
[PlyCount "78"]
[EventDate "2012.06.19"]
[EventType "swiss"]
[EventRounds "9"]
[EventCountry "VEN"]
[SourceTitle "EXT 2015"]
[Source "ChessBase"]
[SourceDate "2014.11.20"]
[SourceVersion "1"]
[SourceVersionDate "2014.11.20"]
[SourceQuality "1"]

1. e4 Nf6 2. e5 Nd5 3. c4 Nb6 4. a4 d6 5. a5 N6d7 6. e6 fxe6 7. d4 e5 8. Bd3 Nf6 9. dxe5 dxe5 10. Nc3 Nc6 11. Bg5 e4 12. Bc2 Qxd1+ 13. Rxd1 Nb4 14. Bxe4 Nxe4 15. Nxe4 Bf5 16. Ng3 Bd3 17. Kd2 0-0-0 18. Kc3 Na2+ 19. Kb3 Bxc4+ 20. Kxc4 Rxd1 21. Kb3 Rd5 22. Nf3 Rxa5 23. Ra1 c5 24. Ne4 c4+ 25. Kxc4 Ra4+ 26. b4 Rxb4+ 27. Kd3 Ra4 28. Ke3 g6 29. Nc5 Ra3+ 30. Kd2 Bg7 31. Rb1 Rd8+ 32. Ke1 Nb4 33. Ne6 Bc3+ 34. Kf1 Rd6 35. Nc5 Ra1 36. Rxa1 Bxa1 37. Bxe7 Rd5 38. Ne4 Nc6 39. Ba3 b5 0-1

[Event "VEN-ch Expertos y Maestros"]
[Site "San Carlos"]
[Date "2012.06.21"]
[Round "4"]
[White "Fuentes Ramos, Alejandro"]
[Black "Corado Paz Castillo, Rafael"]
[Result "1/2-1/2"]
[WhiteElo "2148"]
[BlackElo "2093"]
[PlyCount "50"]
[EventDate "2012.06.19"]
[EventType "swiss"]
[EventRounds "9"]
[EventCountry "VEN"]
[SourceTitle "EXT 2015"]
[Source "ChessBase"]
[SourceDate "2014.11.20"]
[SourceVersion "1"]
[SourceVersionDate "2014.11.20"]
[SourceQuality "1"]

1. c4 Nf6 2. Nc3 g6 3. e4 d6 4. d4 Bg7 5. Nf3 0-0 6. Be2 c6 7. 0-0 Qc7 8. h3 e5 9. Be3 Nbd7 10. Qd2 Re8 11. d5 cxd5 12. cxd5 a6 13. Rac1 Qa5 14. Ne1 Nf8 15. Nd3 Bd7 16. b4 Qd8 17. a4 Qe7 18. Nb2 Rec8 19. Nc4 Rab8 20. Nb6 Re8 21. Bg5 h5 22. Rc2 N8h7 23. Bh4 Qd8 24. a5 Bf8 25. Rfc1 Be7 1/2-1/2

[Event "VEN-ch Expertos y Maestros"]
[Site "San Carlos"]
[Date "2012.06.20"]
[Round "3"]
[White "Brizuela Abreu, Ronald Jesus"]
[Black "Corado Paz Castillo, Rafael"]
[Result "1/2-1/2"]
[WhiteElo "2173"]
[BlackElo "2093"]
[PlyCount "113"]
[EventDate "2012.06.19"]
[EventType "swiss"]
[EventRounds "9"]
[EventCountry "VEN"]
[SourceTitle "EXT 2015"]
[Source "ChessBase"]
[SourceDate "2014.11.20"]
[SourceVersion "1"]
[SourceVersionDate "2014.11.20"]
[SourceQuality "1"]

1. Nf3 Nf6 2. g3 g6 3. Bg2 Bg7 4. 0-0 0-0 5. c4 c6 6. d4 d6 7. Nc3 Qa5 8. Bg5 h6 9. Bxf6 Bxf6 10. Qd2 Bg7 11. h3 Be6 12. b3 Na6 13. Rac1 Rac8 14. Rfd1 Rfe8 15. e3 Nc7 16. Qb2 c5 17. a3 b5 18. b4 Qb6 19. cxb5 cxd4 20. Nxd4 Bxd4 21. Rxd4 Nxb5 22. Nxb5 Qxb5 23. Rdd1 a5 24. Qd4 Qa4 25. bxa5 Qxa5 26. Qb4 Qxb4 27. axb4 Rxc1 28. Rxc1 Rb8 29. Rb1 Kf8 30. Kf1 Ke8 31. Ke2 Kd8 32. Kd3 Bf5+ 33. e4 Be6 34. Kd4 Kc7 35. e5 dxe5+ 36. Kxe5 Kb6 37. Rc1 Rd8 38. Rc2 Kb5 39. Rb2 Bc4 40. Kf4 Rd3 41. Bf1 Rc3 42. Bxc4+ Rxc4+ 43. Kf3 Rxb4 44. Re2 e6 45. Rc2 Rc4 46. Ra2 Rc5 47. Ra7 Rf5+ 48. Ke3 Kb6 49. Rd7 Kc6 50. Rd1 Rd5 51. Ra1 Rd7 52. h4 Kd6 53. Ra8 Ke7 54. Ra3 f5 55. Ra8 Kf6 56. Rh8 h5 57. Rf8+ 1/2-1/2